000 01440nam a2200349Ia 4500
001 ebr10137866
003 CaPaEBR
006 m u
007 cr cn|||||||||
008 060523s2006 pau sb 001 0 eng d
010 _z 2006045896
020 _z9027219672 (hbk. : alk. paper)
020 _z9027219680 (pbk. : alk. paper)
040 _aCaPaEBR
_cCaPaEBR
035 _a(OCoLC)320321951
050 1 4 _aP53.85
_b.T385 2006eb
082 0 4 _a418/.007
_222
245 0 0 _aTeacher education in CALL
_h[electronic resource] /
_cedited by Philip Hubbard, Michael J. Levy.
246 3 _aTeacher education in computer-assisted language learning
260 _aPhiladelphia, PA :
_bJohn Benjamins Pub. Co.,
_cc2006.
300 _axi, 354 p.
490 0 _aLanuage learning and language teaching ;
_vv. 14
504 _aIncludes bibliographical references and index.
533 _aElectronic reproduction.
_bPalo Alto, Calif. :
_cebrary,
_d2009.
_nAvailable via World Wide Web.
_nAccess may be limited to ebrary affiliated libraries.
650 0 _aLanguage and languages
_xComputer-assisted instruction.
650 0 _aLanguage teachers
_xTraining of.
655 7 _aElectronic books.
_2local
700 1 _aHubbard, Philip,
_d1952-
700 1 _aLevy, Mike,
_d1953-
710 2 _aebrary, Inc.
856 4 0 _uhttp://site.ebrary.com/lib/rucke/Doc?id=10137866
_zAn electronic book accessible through the World Wide Web; click to view
999 _c185799
_d185799